
Library Catalogue

| 000 -LEADER | |
|---|---|
| fixed length control field | 01020cam a2200313 i 4500 |
| 001 - CONTROL NUMBER | |
| control field | 18906608 |
| 003 - CONTROL NUMBER IDENTIFIER | |
| control field | OSt |
| 005 - DATE AND TIME OF LATEST TRANSACTION | |
| control field | 20260421101938.0 |
| 008 - FIXED-LENGTH DATA ELEMENTS--GENERAL INFORMATION | |
| fixed length control field | 151216s2015 ii b 001 0 eng |
| 010 ## - LIBRARY OF CONGRESS CONTROL NUMBER | |
| LC control number | 2015364948 |
| 020 ## - INTERNATIONAL STANDARD BOOK NUMBER | |
| International Standard Book Number | 9780198060451 |
| 020 ## - INTERNATIONAL STANDARD BOOK NUMBER | |
| International Standard Book Number | 0198060459 |
| 040 ## - CATALOGING SOURCE | |
| Transcribing agency | . |
| 082 ## - DEWEY DECIMAL CLASSIFICATION NUMBER | |
| Classification number | 320.954 PAR |
| 100 1# - MAIN ENTRY--PERSONAL NAME | |
| Personal name | Parekh, Bhikhu C., |
| 245 10 - TITLE STATEMENT | |
| Title | Debating India : |
| Remainder of title | essays on Indian political discourse / |
| Statement of responsibility, etc. | Bhikhu Parekh. |
| 250 ## - EDITION STATEMENT | |
| Edition statement | First edition. |
| 264 #1 - PRODUCTION, PUBLICATION, DISTRIBUTION, MANUFACTURE, AND COPYRIGHT NOTICE | |
| Place of production, publication, distribution, manufacture | New Delhi : |
| Name of producer, publisher, distributor, manufacturer | Oxford University Press, |
| Date of production, publication, distribution, manufacture, or copyright notice | 2015. |
| 300 ## - PHYSICAL DESCRIPTION | |
| Extent | xix, 374 pages ; |
| Dimensions | 23 cm |
| 365 ## - TRADE PRICE | |
| Price amount | RS. 895 |
| 600 10 - SUBJECT ADDED ENTRY--PERSONAL NAME | |
| Personal name | Gandhi, |
| Titles and other words associated with a name | Mahatma, |
| Dates associated with a name | 1869-1948. |
| 650 #0 - SUBJECT ADDED ENTRY--TOPICAL TERM | |
| Topical term or geographic name entry element | Debates and debating |
| Geographic subdivision | India |
| -- | History. |
| 650 #0 - SUBJECT ADDED ENTRY--TOPICAL TERM | |
| Topical term or geographic name entry element | Statesmen |
| Geographic subdivision | India. |
| 651 #0 - SUBJECT ADDED ENTRY--GEOGRAPHIC NAME | |
| Geographic name | India |
| General subdivision | Politics and government |
| Chronological subdivision | 20th century. |
| 856 41 - ELECTRONIC LOCATION AND ACCESS | |
| Materials specified | Table of contents |
| Uniform Resource Identifier | <a href="http://www.loc.gov/catdir/enhancements/fy1604/2015364948-t.html">http://www.loc.gov/catdir/enhancements/fy1604/2015364948-t.html</a> |
| 906 ## - LOCAL DATA ELEMENT F, LDF (RLIN) | |
| a | 7 |
| b | cbc |
| c | origode |
| d | 3 |
| e | ncip |
| f | 20 |
| g | y-gencatlg |
| 942 ## - ADDED ENTRY ELEMENTS (KOHA) | |
| Source of classification or shelving scheme | Dewey Decimal Classification |
| Koha item type | BOOKs |
| Withdrawn status | Lost status | Damaged status | Not for loan | Home library | Current library | Shelving location | Date acquired | Cost, normal purchase price | Total Checkouts | Full call number | Barcode | Date last seen | Date last checked out | Price effective from | Koha item type |
|---|---|---|---|---|---|---|---|---|---|---|---|---|---|---|---|
| . | . | General Stacks | 30.05.2017 | 895.00 | 2 | 320.954 PAR | 34511 | 02.03.2026 | 29.01.2026 | 30.05.2017 | BOOKs |